[Event "AICF Women GM 2018"]
[Site "Mumbai"]
[Date "2018.06.13"]
[Round "3"]
[White "Zozulia, Anna"]
[Black "Tokhirjonova, Gulrukhbegim"]
[Result "1/2-1/2"]
[WhiteElo "2314"]
[BlackElo "2379"]
[Annotator "NA"]
[PlyCount "76"]
[EventDate "2018.??.??"]
[EventType "tourn"]
[EventCountry "IND"]
[SourceTitle "playchess.com"]
[Source "ChessBase"]
[SourceQuality "1"]
[TimeControl "40/5400+30:1800+30"]

1. e4 {[%emt 0:00:00]} e5 {[%emt 0:00:12]} 2. Nf3 {[%emt 0:00:00]} d6 {[%emt 0:00:19]} 3. d4 {[%emt 0:00:13]} exd4 {[%emt 0:00:07]} 4. Nxd4 {[%emt 0:00:18]} Nf6 {[%emt 0:00:13]} 5. Nc3 {[%emt 0:00:04]} Be7 {[%emt 0:00:13]} 6. Bc4 {[%emt 0:02:02]} c6 {[%emt 0:00:55]} 7. a4 {[%emt 0:03:41]} O-O {[%emt 0:00:36]} 8. O-O {[%emt 0:02:12]} Re8 {[%emt 0:00:18] C41: Philidor Defence} 9. Ba2 {[%emt 0:04:20]} Bf8 {[%emt 0:01:46]} 10. Re1 {[%emt 0:06:18]} Nbd7 {[%emt 0:00:25]} 11. Bg5 {[%emt 0:14:38] LiveBook: 6 Games} h6 {[%emt 0:01:25]} 12. Bh4 {[%emt 0:00:54]} Ne5 {[%emt 0:01:22]} 13. f3 $146 {[%emt 0:08:38]} ({Predecessor:} 13. Bg3 Bg4 14. f3 Bd7 15. Qd2 Be7 16. Rad1 {1-0 (62) Salgado Lopez,I (2622)-Chigaev,M (2494) Wroclaw 2014}) 13... Ng6 {[%emt 0:06:36]} 14. Bf2 {[%emt 0:00:32]} Bd7 {[%emt 0:00:16]} 15. Qd2 {[%emt 0:01:00]} Qc7 {[%emt 0:03:00]} 16. Rad1 {[%emt 0:02:09]} a6 {[%emt 0:01:27]} 17. Nf5 {[%emt 0:15:38]} Bxf5 {[%emt 0:07:17]} 18. exf5 {[%emt 0:00:02]} Ne5 {[%emt 0:00:29]} 19. Ne4 {[%emt 0:01:31]} Nxe4 $11 {[%emt 0:01:14]} 20. fxe4 {[%emt 0:00:29]} Ng4 {[%emt 0:01:13]} 21. Bg3 {[%emt 0:06:24]} Qb6+ {[%emt 0:01:52]} 22. Qd4 {[%emt 0:00:14]} Qxd4+ {[%emt 0:02:41]} 23. Rxd4 {[%emt 0:00:04]} d5 {[%emt 0:00:12]} 24. b4 {[%emt 0:00:10]} Rxe4 {[%emt 0:07:44]} 25. Rexe4 {[%emt 0:04:52]} dxe4 {[%emt 0:00:11]} 26. Rd7 {[%emt 0:02:51]} Bxb4 {[%emt 0:00:16]} 27. Bxf7+ {[%emt 0:06:34]} Kh8 {[%emt 0:00:50]} 28. Rxb7 {[%emt 0:03:20]} Bc5+ {[%emt 0:01:11]} 29. Kf1 {[%emt 0:00:05]} Ne3+ {[%emt 0:01:32]} 30. Ke2 {[%emt 0:00:03]} Nxf5 {[%emt 0:00:19]} 31. Be5 {[%emt 0:13:48]} Ra7 {[%emt 0:04:06]} 32. Rxa7 {[%emt 0:00:57]} Bxa7 {[%emt 0:00:02]} 33. Be8 {[%emt 0:01:48]} Ne7 {[%emt 0:03:45]} 34. Bd6 {[%emt 0:00:23]} Nf5 {[%emt 0:00:11]} 35. Be5 {[%emt 0:00:35]} Ne7 {[%emt 0:01:11]} 36. Bd6 {[%emt 0:00:15]} Nf5 {[%emt 0:00:40]} 37. Be5 {[%emt 0:00:10]} Ne7 {[%emt 0:03:01]} 38. Bd6 {[%emt 0:00:38]} Nf5 1/2-1/2

[Event "AICF Women GM 2018"]
[Site "Mumbai"]
[Date "2018.06.13"]
[Round "3"]
[White "Srija, Seshadri"]
[Black "Monnisha G K"]
[Result "0-1"]
[WhiteElo "2207"]
[BlackElo "2295"]
[Annotator "NA"]
[PlyCount "72"]
[EventDate "2018.??.??"]
[EventType "tourn"]
[EventCountry "IND"]
[SourceTitle "playchess.com"]
[Source "ChessBase"]
[SourceQuality "1"]
[TimeControl "40/5400+30:1800+30"]

1. e4 {[%emt 0:00:00]} e5 {[%emt 0:00:19]} 2. Nf3 {[%emt 0:00:01]} Nc6 {[%emt 0:00:08]} 3. Bb5 {[%emt 0:00:06]} a6 {[%emt 0:00:04]} 4. Ba4 {[%emt 0:00:05]} Nf6 {[%emt 0:00:07]} 5. d3 {[%emt 0:00:08]} Be7 {[%emt 0:00:07]} (5... b5 $11 {keeps the balance.} 6. Bb3 Bc5) 6. Nc3 {[%emt 0:01:27]} b5 {[%emt 0:00:26]} 7. Bb3 {[%emt 0:00:06]} Bb7 {[%emt 0:00:33] C77: Ruy Lopez: 3...a6 4 Ba4 Nf6, unusual lines} 8. a4 {[%emt 0:03:16]} b4 {[%emt 0:06:11]} 9. Nd5 {[%emt 0:00:11]} Na5 {[%emt 0:01:41] LiveBook: 6 Games} 10. Ba2 {[%emt 0:00:29]} Nxd5 {[%emt 0:01:16]} 11. exd5 $146 {[%emt 0:00:09] [#]} ({Predecessor:} 11. Bxd5 Bxd5 12. exd5 d6 13. O-O O-O 14. Qe1 c5 15. Nd2 Qd7 {½-½ (30) Rublevsky,S (2697)-Pridorozhni,A (2548) Moscow 2010}) 11... b3 $1 {[%emt 0:03:47]} 12. Qd2 {[%emt 0:05:43] [#]} c5 $1 {[%emt 0:02:39]} ({Doch nicht} 12... Bxd5 $6 13. Qxa5 Bxf3 14. Bxb3 $14) 13. cxb3 {[%emt 0:09:14]} Bxd5 {[%emt 0:00:33]} 14. Nxe5 {[%emt 0:01:20]} O-O {[%emt 0:08:06]} 15. O-O {[%emt 0:04:10]} Nxb3 {[%emt 0:01:25]} 16. Bxb3 {[%emt 0:00:09]} Bxb3 {[%emt 0:00:07]} 17. a5 {[%emt 0:11:32]} Bf6 {[%emt 0:03:21]} 18. Nc4 {[%emt 0:02:37]} Rb8 $11 {[%emt 0:04:11]} 19. Nb6 {[%emt 0:01:48]} Re8 {[%emt 0:04:40]} 20. Ra3 {[%emt 0:04:27]} Be6 {[%emt 0:00:44]} 21. Qc2 {[%emt 0:03:11]} d6 {[%emt 0:02:06]} 22. Bf4 {[%emt 0:01:32]} Bd4 {[%emt 0:02:48]} 23. Ra4 {[%emt 0:04:15]} Qf6 {[%emt 0:04:03]} 24. Qd2 {[%emt 0:05:53]} Bf5 {[%emt 0:07:40]} 25. h4 {[%emt 0:19:46]} Qg6 {[%emt 0:07:08]} 26. Kh2 {[%emt 0:04:56]} Bxd3 {[%emt 0:03:33]} 27. Re1 {[%emt 0:00:05]} Rxe1 {[%emt 0:07:00]} 28. Qxe1 {[%emt 0:00:02]} Be4 {[%emt 0:02:02]} 29. f3 {[%emt 0:02:43]} Bc6 {[%emt 0:02:43]} 30. Ra2 {[%emt 0:04:38]} Re8 {[%emt 0:00:30]} 31. Qg3 {[%emt 0:00:39]} Qb1 {[%emt 0:05:15]} 32. Ra3 {[%emt 0:00:12]} Re1 {[%emt 0:01:04]} 33. Qg5 Rh1+ {[%emt 0:00:19]} 34. Kg3 {[%emt 0:01:39]} Qe1+ {[%emt 0:00:07]} 35. Kg4 {[%emt 0:00:04]} Qe6+ {[%emt 0:00:05]} 36. Qf5 {[%emt 0:00:26]} h5+ {[%emt 0:00:13]} 0-1

[Event "AICF Women GM 2018"]
[Site "Mumbai"]
[Date "2018.06.13"]
[Round "3"]
[White "Rakshitta Ravi"]
[Black "Divya Deshmukh"]
[Result "0-1"]
[WhiteElo "2067"]
[BlackElo "2138"]
[Annotator "NA"]
[PlyCount "72"]
[EventDate "2018.??.??"]
[EventType "tourn"]
[EventCountry "IND"]
[SourceTitle "playchess.com"]
[Source "ChessBase"]
[SourceQuality "1"]
[TimeControl "40/5400+30:1800+30"]

1. e4 {[%emt 0:00:42]} e6 {[%emt 0:00:04]} 2. d4 {[%emt 0:00:09]} d5 {[%emt 0:00:04]} 3. Nc3 {[%emt 0:00:05]} Nf6 {[%emt 0:00:03]} 4. Bg5 {[%emt 0:00:06]} Be7 {[%emt 0:00:05]} 5. e5 {[%emt 0:00:06]} Nfd7 {[%emt 0:00:03]} 6. h4 {[%emt 0:00:05]} a6 {[%emt 0:00:07] LiveBook: 117 Partien} 7. f4 {[%emt 0:02:43] C14: French: Classical System: 4 Bg5 Be7 main line} (7. Qg4 h5 8. Qg3 Bxg5 9. hxg5 c5 10. dxc5 g6 11. O-O-O Nxc5 12. f4 b5 13. Qe3 Qb6 14. Kb1 Nc6 15. Nf3 b4 {1-0 (33) Perez Candelario,M (2569)-Arribas Lopez,A (2559) Linares 2015}) 7... c5 {[%emt 0:01:40]} 8. dxc5 {[%emt 0:03:48]} Nxc5 {[%emt 0:01:57]} (8... Nc6 $11) 9. Bxe7 {[%emt 0:01:24]} Qxe7 {[%emt 0:00:26]} 10. Qg4 {[%emt 0:00:05]} O-O {[%emt 0:01:28]} 11. Nf3 {[%emt 0:01:36]} f5 $146 {[%emt 0:04:57]} ({Predecessor:} 11... b5 12. h5 b4 13. Ne2 Ne4 14. Ned4 Bb7 {1-0 (39) Neubauer,J-Wambach,J Bayern 2000}) 12. Qg3 {[%emt 0:14:44]} (12. Qh5 $11) 12... Ne4 {[%emt 0:02:01]} 13. Nxe4 {[%emt 0:00:57]} fxe4 {[%emt 0:01:23]} 14. Nd2 {[%emt 0:07:59]} (14. Nd4 $17 {ist eine bessere Verteidigung.}) 14... Qf7 {[%emt 0:01:18]} 15. O-O-O {[%emt 0:08:10]} (15. c4 $17) 15... Nc6 {[%emt 0:03:07]} 16. Nb3 {[%emt 0:06:39]} b5 $19 {[%emt 0:03:29]} 17. Nc5 {[%emt 0:22:37]} Ra7 {[%emt 0:01:31]} 18. c3 {[%emt 0:14:39]} Rc7 {[%emt 0:02:53]} 19. Qe3 {[%emt 0:04:25]} b4 {[%emt 0:07:06]} 20. c4 {[%emt 0:02:24]} Na5 {[%emt 0:01:02]} 21. Kb1 {[%emt 0:01:24]} Qxf4 {[%emt 0:03:54]} 22. Qxf4 {[%emt 0:00:01]} Rxf4 {[%emt 0:00:08]} 23. Nxe6 {[%emt 0:00:37]} Bxe6 {[%emt 0:01:44]} 24. cxd5 {[%emt 0:00:01]} Rd7 {[%emt 0:01:07]} 25. g3 {[%emt 0:06:28]} Rf2 {[%emt 0:01:06]} 26. Bh3 {[%emt 0:00:29]} Bxh3 {[%emt 0:00:12]} 27. Rxh3 {[%emt 0:00:03]} Rf5 {[%emt 0:00:51]} 28. e6 {[%emt 0:00:56]} Rdxd5 {[%emt 0:00:17]} 29. Rc1 {[%emt 0:00:06]} Kf8 {[%emt 0:00:14]} 30. g4 {[%emt 0:00:10]} Rf2 {[%emt 0:00:05]} 31. Re3 {[%emt 0:01:12]} Re5 {[%emt 0:01:29]} 32. Rc8+ {[%emt 0:00:15]} Ke7 {[%emt 0:00:06]} 33. Rc7+ {[%emt 0:00:04]} Kxe6 {[%emt 0:00:11]} 34. Rxg7 {[%emt 0:00:09]} Rf1+ {[%emt 0:00:02]} 35. Kc2 {[%emt 0:00:09]} Rc5+ {[%emt 0:00:45]} 36. Kd2 {[%emt 0:00:03]} Nc4+ {[%emt 0:00:05]} 0-1

[Event "AICF Women GM 2018"]
[Site "Mumbai"]
[Date "2018.06.14"]
[Round "4"]
[White "Tokhirjonova, Gulrukhbegim"]
[Black "Rakshitta Ravi"]
[Result "1-0"]
[WhiteElo "2379"]
[BlackElo "2067"]
[Annotator "NA"]
[PlyCount "131"]
[EventDate "2018.??.??"]
[EventType "tourn"]
[EventCountry "IND"]
[SourceTitle "playchess.com"]
[Source "ChessBase"]
[SourceQuality "1"]
[TimeControl "40/5400+30:1800+30"]

1. d4 {[%emt 0:00:00]} Nf6 {[%emt 0:01:52]} 2. c4 {[%emt 0:00:00]} e6 {[%emt 0:00:07]} 3. Nc3 {[%emt 0:00:08]} d5 {[%emt 0:00:07]} 4. cxd5 {[%emt 0:00:36]} exd5 {[%emt 0:00:07]} 5. Bg5 {[%emt 0:00:10]} Nbd7 {[%emt 0:00:11]} 6. e3 {[%emt 0:00:19]} Be7 {[%emt 0:00:24]} 7. Bd3 {[%emt 0:00:24]} c6 {[%emt 0:00:08]} 8. Qc2 {[%emt 0:02:23]} h6 {[%emt 0:00:50]} 9. Bh4 {[%emt 0:00:50]} O-O {[%emt 0:00:18]} 10. Nf3 {[%emt 0:00:29]} Re8 {[%emt 0:02:04]} 11. O-O {[%emt 0:05:46]} Ne4 {[%emt 0:03:29]} 12. Bxe7 {[%emt 0:02:27]} Qxe7 {[%emt 0:00:14] LiveBook: 114 Games} 13. Rab1 {[%emt 0:00:34]} Ng5 {[%emt 0:05:42]} 14. Nxg5 {[%emt 0:09:39] D36: Queen's Gambit Declined: Exchange Variation: Main line (5 Bg5 c6 6 Qc2)} (14. Nd2 Nf6 15. b4 a6 16. a4 Bd7 17. Nb3 Qd6 18. Be2 Bg4 19. Nc5 Re7 20. Rfe1 Rae8 21. Rb2 h5 22. Qd1 g6 {½-½ (73) Kursova,M (2267)-Arakhamia Grant,K (2393) Chakvi 2015}) 14... Qxg5 {[%emt 0:00:14]} 15. e4 {[%emt 0:00:18]} dxe4 $146 {[%emt 0:19:20]} ({Predecessor:} 15... Nf6 16. e5 Nh5 17. Ne2 Nf4 18. Nxf4 Qxf4 19. Rfd1 Kh8 20. Qc3 Bf5 21. g3 Qg5 {½-½ (52) Kubikova,H (2145)-Seifarth,R (2235) Czechia 1996}) 16. Nxe4 {[%emt 0:00:39]} Qf4 {[%emt 0:02:34]} 17. Rfe1 {[%emt 0:01:14]} Rd8 {[%emt 0:01:35]} 18. g3 {[%emt 0:24:29]} Qc7 {[%emt 0:03:44]} 19. Rbd1 {[%emt 0:10:23]} Nb6 {[%emt 0:03:40]} 20. Nc3 {[%emt 0:00:10]} Bg4 {[%emt 0:02:35]} 21. Be2 {[%emt 0:04:00]} Qd7 {[%emt 0:11:41]} 22. Bxg4 {[%emt 0:03:00]} Qxg4 {[%emt 0:00:24]} 23. Re7 {[%emt 0:01:57]} Rd7 {[%emt 0:04:47]} 24. Re4 {[%emt 0:02:39]} Qg6 {[%emt 0:01:35]} 25. Qe2 {[%emt 0:00:30]} Kh7 {[%emt 0:04:08]} 26. h4 {[%emt 0:02:54]} Rad8 {[%emt 0:04:17]} 27. h5 {[%emt 0:00:52]} Qf6 {[%emt 0:02:35]} 28. Rf4 {[%emt 0:00:40]} Qe7 {[%emt 0:01:01]} 29. Qf3 {[%emt 0:03:01]} Kg8 {[%emt 0:02:49]} 30. Re4 {[%emt 0:03:34]} Qf8 {[%emt 0:03:11]} 31. Qe2 {[%emt 0:05:13]} Nd5 {[%emt 0:09:10]} 32. Nxd5 {[%emt 0:00:46]} Rxd5 {[%emt 0:00:03]} 33. Re7 {[%emt 0:07:26]} c5 {[%emt 0:04:39]} 34. Rxb7 {[%emt 0:00:27]} cxd4 {[%emt 0:01:19]} 35. Rd3 {[%emt 0:00:06]} Qc5 {[%emt 0:00:57]} 36. Qe7 {[%emt 0:04:42]} Qc1+ {[%emt 0:04:20]} 37. Kg2 {[%emt 0:00:02]} R5d7 {[%emt 0:00:07]} 38. Rxd7 {[%emt 0:02:49]} Qc6+ {[%emt 0:00:01]} 39. Kh2 {[%emt 0:00:32]} Qxd7 {[%emt 0:01:44]} 40. Qxd7 {[%emt 0:00:18]} Rxd7 {[%emt 0:30:03]} 41. g4 {[%emt 0:30:31]} Rc7 {[%emt 0:01:15]} 42. Rxd4 {[%emt 0:00:00]} Rc2 {[%emt 0:00:00]} 43. Rb4 {[%emt 0:00:00]} Rxf2+ {[%emt 0:00:00]} 44. Kg3 {[%emt 0:00:00]} Rd2 {[%emt 0:00:00]} 45. Rb8+ {[%emt 0:00:00]} Kh7 {[%emt 0:00:00]} 46. Rb7 {[%emt 0:00:00]} a5 {[%emt 0:00:00]} 47. Kf3 {[%emt 0:00:00]} Rd5 {[%emt 0:00:00]} (47... a4 $11) 48. Rxf7 $16 {[%emt 0:00:00]} Rb5 {[%emt 0:00:00]} 49. b3 {[%emt 0:00:00]} a4 50. bxa4 {[%emt 0:00:00]} Rb2 {[%emt 0:00:00]} 51. Rf4 {[%emt 0:00:00]} Rxa2 {[%emt 0:00:00]} 52. Rb4 {[%emt 0:00:00]} g6 53. hxg6+ Kxg6 {[%emt 0:00:00]} 54. Ke4 {[%emt 0:00:00]} h5 {[%emt 0:00:00]} 55. gxh5+ Kxh5 {[%emt 0:00:00]} 56. Kd5 {[%emt 0:05:06]} Kg5 {[%emt 0:00:00]} 57. Kc6 {[%emt 0:00:26]} Kf5 {[%emt 0:00:00]} 58. Rb5+ {[%emt 0:00:50]} Ke6 {[%emt 0:00:00]} 59. a5 {[%emt 0:00:03]} Rc2+ {[%emt 0:00:00]} 60. Kb6 {[%emt 0:01:10]} Kd7 {[%emt 0:00:43]} 61. a6 {[%emt 0:00:01]} Rc6+ {[%emt 0:06:51]} 62. Ka5 {[%emt 0:00:02]} Rc7 {[%emt 0:00:44]} 63. Rh5 {[%emt 0:00:59]} Kc6 {[%emt 0:01:30]} 64. Rh6+ {[%emt 0:00:25]} Kd7 {[%emt 0:00:15]} 65. Rh7+ {[%emt 0:00:35]} Kc8 {[%emt 0:01:50]} 66. a7 {[%emt 0:00:36]} 1-0

[Event "AICF Women GM 2018"]
[Site "Mumbai"]
[Date "2018.06.14"]
[Round "4"]
[White "Vo, Thi Kim Phung"]
[Black "Zozulia, Anna"]
[Result "1/2-1/2"]
[WhiteElo "2376"]
[BlackElo "2314"]
[Annotator "NA"]
[PlyCount "86"]
[EventDate "2018.??.??"]
[EventType "tourn"]
[EventCountry "IND"]
[SourceTitle "playchess.com"]
[Source "ChessBase"]
[SourceQuality "1"]
[TimeControl "40/5400+30:1800+30"]

1. d4 {[%emt 0:00:00]} Nf6 {[%emt 0:00:13]} 2. c4 {[%emt 0:00:00]} g6 {[%emt 0:00:13]} 3. Nc3 {[%emt 0:00:00]} Bg7 {[%emt 0:00:06]} 4. e4 {[%emt 0:00:01]} d6 {[%emt 0:00:05]} 5. Nf3 {[%emt 0:00:10]} O-O {[%emt 0:00:04]} 6. Be2 {[%emt 0:00:15]} e5 {[%emt 0:00:22]} 7. Be3 {[%emt 0:00:15]} exd4 {[%emt 0:05:40]} 8. Nxd4 {[%emt 0:00:15]} Re8 {[%emt 0:00:03]} 9. f3 {[%emt 0:00:56]} Nbd7 {[%emt 0:00:21]} 10. O-O {[%emt 0:01:32]} c6 {[%emt 0:00:03]} 11. Qd2 {[%emt 0:02:29]} a5 {[%emt 0:01:47] LiveBook: 11 Games E94: Königsindisch (Klassisches System)} (11... a6 12. Rad1 Ne5 13. Bf2 b5 14. cxb5 axb5 15. Nc2 Bf8 16. Kh1 Be6 17. Bh4 Be7 18. Nd4 b4 19. Nxe6 bxc3 20. Nxd8 cxd2 {0-1 (86) Urkedal,F (2572)-Ehlvest,J (2536) chess.com INT 2018}) 12. Rad1 {[%emt 0:01:05]} Qc7 {[%emt 0:01:40]} 13. Rfe1 {[%emt 0:00:49]} Nc5 {[%emt 0:10:31]} 14. b3 {[%emt 0:04:36]} Bd7 {[%emt 0:10:19]} 15. Bf1 {[%emt 0:03:16]} Rad8 {[%emt 0:04:10]} 16. Qf2 {[%emt 0:01:27]} Bc8 {[%emt 0:01:41]} 17. g3 $146 {[%emt 0:01:49]} ({Vorgänger:} 17. Rd2 Nfd7 18. Red1 Nf8 19. Nde2 Nfe6 20. Nd4 Nf8 21. Nde2 Nfe6 22. Nd4 Nf8 23. Nde2 {½-½ (23) Liptay,L-Bednarski,J Krakow 1964}) 17... h6 {[%emt 0:01:22]} 18. Bg2 {[%emt 0:06:13]} Kh7 {[%emt 0:14:45]} 19. Kh1 {[%emt 0:03:02]} Qb8 {[%emt 0:07:22]} 20. Qc2 {[%emt 0:07:40]} Qc7 {[%emt 0:03:37]} 21. a3 {[%emt 0:01:39]} Re7 {[%emt 0:02:11]} 22. b4 {[%emt 0:02:55]} axb4 {[%emt 0:01:06]} 23. axb4 {[%emt 0:00:02]} Ne6 {[%emt 0:00:14]} 24. Nxe6 {[%emt 0:25:04]} Bxe6 {[%emt 0:01:28]} 25. Na4 {[%emt 0:01:12]} Nd7 {[%emt 0:01:52]} 26. f4 {[%emt 0:00:20]} Ra8 {[%emt 0:22:27]} 27. c5 {[%emt 0:08:34]} dxc5 {[%emt 0:00:04]} 28. Nxc5 {[%emt 0:03:38]} Nxc5 {[%emt 0:00:24]} 29. Qxc5 {[%emt 0:00:18]} Rd7 {[%emt 0:03:17]} 30. f5 {[%emt 0:05:58]} Rxd1 {[%emt 0:00:58]} 31. Rxd1 {[%emt 0:00:21]} Bb3 {[%emt 0:00:17]} 32. Bf4 {[%emt 0:04:42]} Qc8 {[%emt 0:00:12]} 33. Rb1 {[%emt 0:01:22]} Qd7 {[%emt 0:01:36]} 34. fxg6+ {[%emt 0:04:49]} fxg6 {[%emt 0:00:07]} 35. Qd6 {[%emt 0:00:42]} Qxd6 {[%emt 0:03:02]} 36. Bxd6 {[%emt 0:00:02]} Ba2 {[%emt 0:03:53]} 37. Rc1 {[%emt 0:02:11]} Bb2 $11 {[%emt 0:00:32]} 38. Rc2 {[%emt 0:01:44]} Bd4 {[%emt 0:00:18]} 39. h4 {[%emt 0:00:55]} Kg7 {[%emt 0:00:42]} 40. Rd2 {[%emt 0:00:42]} Bc3 {[%emt 0:30:29]} 41. Rc2 {[%emt 0:30:14]} Bd4 {[%emt 0:00:00]} 42. Rd2 {[%emt 0:00:00]} Bc3 {[%emt 0:00:00]} 43. Rc2 {[%emt 0:00:00]} Bd4 1/2-1/2

[Event "AICF Women GM 2018"]
[Site "Mumbai"]
[Date "2018.06.14"]
[Round "4"]
[White "Tomilova, Elena"]
[Black "Monnisha G K"]
[Result "1-0"]
[WhiteElo "2334"]
[BlackElo "2295"]
[Annotator "NA"]
[PlyCount "63"]
[EventDate "2018.??.??"]
[EventType "tourn"]
[EventCountry "IND"]
[SourceTitle "playchess.com"]
[Source "ChessBase"]
[SourceQuality "1"]
[TimeControl "40/5400+30:1800+30"]

{[%evp 8,60,31,17,1,20,32767,32767,-7,19,32767,32767,16,24,123,32767,248,301,300,324,32767,162,387,444,540,683,32767,32767,32767,32767,32767,32767,32767,304,299,32767,32767,32767,310,236,217,32767,32767,212,243,32767,32767,171,32767,32767,32767,32767,32767,32767,922]} 1. d4 {[%emt 0:00:00]} Nf6 {[%emt 0:00:26]} 2. Bg5 {[%emt 0:00:00]} Ne4 {[%emt 0:00:05]} 3. Bf4 {[%emt 0:00:00]} c5 {[%emt 0:00:10]} 4. f3 {[%emt 0:00:00]} Qa5+ {[%emt 0:00:10]} 5. c3 {[%emt 0:00:00]} Nf6 $1 {[%emt 0:00:10]} 6. d5 {[%emt 0:00:03]} Qb6 {[%emt 0:00:49]} 7. b3 {[%emt 0:00:07]} e6 {[%emt 0:00:32]} 8. e4 {[%emt 0:00:15]} exd5 {[%emt 0:02:18] A45: Trompowsky Attack} 9. exd5 {[%emt 0:00:06]} Bd6 {[%emt 0:04:34]} 10. Bg5 {[%emt 0:00:14] LiveBook: 51 Games} c4 {[%emt 0:03:12]} (10... Be7 $14) (10... Be5 11. f4 Bc7 12. Nf3 O-O 13. Be2 c4 14. bxc4 Ng4 15. Nd4 Ne3 16. Qd2 {0-1 (27) Kryakvin,D (2583)-Sarana,A (2541) Sochi 2017}) 11. Bxc4 $146 {[%emt 0:05:50]} ({Predecessor:} 11. Bxf6 gxf6 12. Qe2+ Kd8 13. Qxc4 Re8+ 14. Ne2 Qe3 15. Nd2 b5 16. Qd4 Qxd4 17. cxd4 Bb4 18. O-O-O d6 19. Kb2 Bb7 20. Ng3 Nd7 21. Nde4 Bxd5 22. Bxb5 Re6 23. Nf5 {1-0 (23) Laffranchise,L-Claude,D France 1997}) 11... Bxh2 {[%emt 0:04:39]} (11... Be7 $16) 12. Ne2 {[%emt 0:02:35]} Be5 {[%emt 0:04:29]} 13. Qd3 {[%emt 0:02:00]} Na6 {[%emt 0:09:54]} 14. Bxa6 {[%emt 0:02:42]} (14. f4 $142 Bc7 15. Nd2) 14... bxa6 $2 {[%emt 0:01:39]} (14... Qxa6 $16 15. Qe3 Kd8) 15. Nd2 {[%emt 0:02:27]} Bd6 {[%emt 0:11:44]} 16. Nc4 {[%emt 0:03:51]} Qc5 {[%emt 0:02:11]} 17. Bxf6 {[%emt 0:01:13]} gxf6 {[%emt 0:00:12]} 18. Rxh7 {[%emt 0:01:04]} Rxh7 {[%emt 0:00:10]} 19. Qxh7 {[%emt 0:00:02]} Bb7 {[%emt 0:00:59]} 20. Qe4+ {[%emt 0:05:25]} Kf8 {[%emt 0:01:55]} 21. O-O-O {[%emt 0:04:37]} Re8 {[%emt 0:00:24]} 22. Qd3 {[%emt 0:00:15]} a5 {[%emt 0:01:45]} 23. Rh1 {[%emt 0:00:31]} Bxd5 {[%emt 0:07:49]} 24. Nxd6 {[%emt 0:03:41]} Qxd6 {[%emt 0:01:10]} 25. Nd4 {[%emt 0:17:24]} Qf4+ $18 {[%emt 0:05:03]} 26. Kb2 {[%emt 0:01:09]} Be6 {[%emt 0:06:31]} 27. a4 {[%emt 0:25:22]} Qg3 {[%emt 0:02:07]} 28. Qd2 {[%emt 0:02:41]} Qe5 {[%emt 0:10:09]} 29. f4 {[%emt 0:02:01]} Qd5 {[%emt 0:01:28]} 30. f5 {[%emt 0:01:17]} Bxf5 {[%emt 0:01:03]} 31. Rh8+ {[%emt 0:00:07]} Ke7 {[%emt 0:00:25]} 32. Rh5 {[%emt 0:00:15]} 1-0

[Event "AICF Women GM 2018"]
[Site "Mumbai"]
[Date "2018.06.14"]
[Round "4"]
[White "Aakanksha Hagawane"]
[Black "Munguntuul, Batkhuyag"]
[Result "1-0"]
[WhiteElo "2297"]
[BlackElo "2410"]
[Annotator "TA"]
[PlyCount "111"]
[EventDate "2018.??.??"]
[EventType "tourn"]
[EventCountry "IND"]
[SourceTitle "playchess.com"]
[Source "ChessBase"]
[SourceQuality "1"]

{[%evp 21,111,34,46,41,39,38,50,0,6,0,68,25,21,0,28,33,33,29,32,13,27,33,37,24,27,21,24,31,37,20,65,0,-9,0,0,0,0,0,56,47,91,101,136,90,251,249,252,243,344,335,514,507,510,507,537,531,672,348,296,352,358,358,326,414,433,441,427,414,474,439,501,468,559,483,12835,12835,12835,12835,12836,12836,12837,12837,12837,12837,12836,12679,1502,1473,2513,2376,12846,12847]} 1. e4 c5 2. Nf3 e6 3. d4 cxd4 4. Nxd4 Nc6 5. Nb5 d6 6. c4 Nf6 7. N1c3 a6 8. Na3 Be7 9. Be2 O-O 10. O-O Qc7 11. Be3 b6 12. Rc1 {B44: Sicilian: Taimanov: 5 Nb5} Ne5 {[%cal Bc6e5,Be5g6,Bg6h4][%mdl 32]} 13. f4 Ng6 (13... Ned7 14. Bf3 Bb7 15. g4 h6 16. h4 Nh7 17. h5 Rfc8 18. Qe2 e5 19. f5 Qd8 {½-½ (30) Czarnota,P (2529)-Stachowiak,K (2448) Legnica 2014}) 14. Qe1 $146 {White is slightly better.} ({Predecessor:} 14. g3 Bb7 15. Bf3 Nd7 16. Qd2 Rac8 17. h4 Rfe8 18. h5 Ngf8 19. Qf2 Bd8 {0-1 (76) Juarez Flores,C (2392)-Makolli,P (2289) Baku 2016}) 14... Bb7 15. Bf3 Nd7 (15... Qd7 $11) 16. b4 Rac8 17. Qg3 Nh4 18. Be2 f5 19. Qh3 {g3 is the strong threat.} (19. Bd4 e5 $15) 19... Bf6 20. g3 Bxc3 21. Rxc3 Ng6 22. exf5 exf5 23. Nc2 Nf6 (23... Qc6 $2 24. Nd4 $18 (24. Bf3 Qc7 $16)) 24. Nd4 Rce8 {[#] Threatens to win with ...Nd5!} 25. Rfc1 $36 {[%mdl 2048] White is pushing.} Ba8 26. c5 (26. b5 $14) 26... dxc5 $11 27. bxc5 bxc5 28. Rxc5 Qe7 29. Bf2 {Black must now prevent Rc7.} (29. Bc4+ $2 Kh8 $17) 29... Ng4 ({Black should try} 29... Ne4 $11 30. Nxf5 Rxf5 31. Bc4+ (31. Rxf5 Nd6 $17) (31. Qxf5 Nxc5 32. Bc4+ Kh8 $17) 31... Rf7) 30. Qf1 $14 ({Don't blunder} 30. Bc4+ $2 Kh8 $19) 30... Ne3 31. Bxe3 Qxe3+ 32. Qf2 Qxf2+ $2 {[#]} (32... Qa3 $16) 33. Kxf2 $18 Ne7 34. Bxa6 h5 (34... Rb8 $142 35. Re5 Rb2+ 36. Rc2 Rxc2+ 37. Nxc2 Nc8 38. Bc4+ Kh8) 35. Bc4+ Kh7 (35... Kh8 {was worth a try.} 36. Re5 Ng8 37. Rxe8 Rxe8 38. Nxf5 Nf6) 36. Ne6 Rf6 37. Ng5+ Kg6 38. Re5 Bc6 39. Rce1 Nc8 40. Rxe8 Bxe8 41. Rxe8 Nd6 42. Re6 Nxc4 43. Rxf6+ Kxf6 {[%mdl 4096] Endgame KN-KN} 44. Ke2 Nb6 45. Kd3 {White is clearly winning.} h4 46. Kd4 hxg3 47. hxg3 Kg6 (47... Na4 $142 48. Kc4 Ke7) 48. Kc5 Na4+ 49. Kb4 Nb6 50. a4 {[%cal Ba2a4,Ba4a5][%mdl 32]} Kh5 51. a5 Nc8 52. Ne6 g6 53. Kc5 Kg4 54. Nf8 g5 55. Ne6 gxf4 56. gxf4 {Precision: White = 70%, Black = 39%.} 1-0